000 00716nam a2200217 a 4500
001 73662
003 BD-RjUL
005 20211209082426.0
008 170606s1822 xx a 000 0 eng d
035 _a(BD-RjUL)73880
040 _aDLC
_cDSI
_dOCoLC
_dDLC
_dBD-RjUL
_beng
041 _aeng
082 _223
_a597.09541
_bHAA 1822
100 1 _aHamilton, Francis.
_d1762-1829.
_9218039
245 0 3 _aAn account of the fishes found in the river Ganges and its branches /
_cFrancis Hamilton.
260 _aEdinburgh :
_bPrinted for A. Constable and company; [etc., etc.],
_c1822.
300 _avii, 405 p. :
_bill. ;
_c28 cm.
500 _aAtlas has no t.-p.
650 0 _aFishes
_zGanges River.
_9218040
942 _2ddc
_cBK
999 _c73662
_d73662